[Event "Chigorin Memorial 30th"]
[Site "St Petersburg"]
[Date "2023.10.26"]
[Round "6"]
[White "Shubin, Kirill"]
[Black "Grebnev, Aleksey"]
[Result "1/2-1/2"]
[WhiteElo "2440"]
[BlackElo "2492"]
[PlyCount "61"]
[EventDate "2023.10.21"]
[EventType "swiss"]
[EventRounds "9"]
[EventCountry "RUS"]
[SourceTitle "Mega2024 Update 01"]
[Source "Chessbase"]
[SourceDate "2023.11.12"]
[SourceVersion "1"]
[SourceVersionDate "2023.11.12"]
[SourceQuality "1"]

1. e4 c5 2. Nf3 d6 3. Bb5+ Bd7 4. Bxd7+ Qxd7 5. 0-0 Nf6 6. Re1 Nc6 7. c3 e6 8. d4 cxd4 9. cxd4 d5 10. e5 Ne4 11. a3 a5 12. Nbd2 Nxd2 13. Bxd2 a4 14. h4 Be7 15. Re3 0-0 16. Rd3 Na5 17. Bxa5 Rxa5 18. Rc1 Raa8 19. Rdc3 Rfc8 20. Qc2 Rxc3 21. Qxc3 Bd8 22. Qc2 h6 23. g3 Qb5 24. Kg2 Be7 25. g4 Qe8 26. Qc7 Rb8 27. Qb6 Bd8 28. Qd6 Be7 29. Qb6 Bd8 30. Qd6 Be7 31. Qb6 1/2-1/2

[Event "RUS-chT Rapid"]
[Site "Sochi"]
[Date "2023.10.19"]
[Round "8.3"]
[White "Dubov, Daniil"]
[Black "Shubin, Kirill"]
[Result "1-0"]
[WhiteElo "2710"]
[BlackElo "2440"]
[PlyCount "99"]
[EventDate "2023.10.18"]
[EventType "team-swiss (rapid)"]
[EventRounds "9"]
[EventCountry "RUS"]
[SourceTitle "Mega2024 Update 01"]
[Source "Chessbase"]
[SourceDate "2023.11.12"]
[SourceVersion "1"]
[SourceVersionDate "2023.11.12"]
[SourceQuality "1"]
[WhiteTeam "Moscow Park Tauer"]
[BlackTeam "St Petersburg SShOR"]
[WhiteTeamCountry "RUS"]
[BlackTeamCountry "RUS"]

1. d4 e6 2. c4 Nf6 3. Nf3 Bb4+ 4. Nbd2 0-0 5. g3 b6 6. Bg2 Bb7 7. 0-0 Bxd2 8. Qxd2 d6 9. b3 Nbd7 10. Bb2 Qe7 11. Rfd1 Ne4 12. Qc2 f5 13. d5 e5 14. Nh4 g6 15. Bxe4 fxe4 16. Qxe4 Nf6 17. Qd3 Bc8 18. f3 Bh3 19. Qe3 Nh5 20. Qh6 Rf7 21. Bc1 Raf8 22. Qg5 Qxg5 23. Bxg5 Kg7 24. Bd2 h6 25. Ng2 g5 26. Ne3 e4 27. g4 Nf4 28. Nf5+ Kh7 29. Bxf4 gxf4 30. Nd4 h5 31. fxe4 hxg4 32. Rd3 Re8 33. Ne6 Kh6 34. e3 fxe3 35. Rxe3 g3 36. hxg3 Bxe6 37. dxe6 Rxe6 38. Rf1 Rxf1+ 39. Kxf1 Kg5 40. Rf3 Kg4 41. Kf2 Rxe4 42. Rf7 c6 43. Rxa7 b5 44. cxb5 cxb5 45. Ra5 Re5 46. a4 Rf5+ 47. Ke2 Re5+ 48. Kd2 Rd5+ 49. Kc3 Rc5+ 50. Kb4 1-0

[Event "RUS-chT Blitz"]
[Site "Sochi"]
[Date "2023.10.17"]
[Round "9.20"]
[White "Shubin, Kirill"]
[Black "Pingin, Artem"]
[Result "1/2-1/2"]
[WhiteElo "2440"]
[BlackElo "2398"]
[PlyCount "55"]
[EventDate "2023.10.17"]
[EventType "team-swiss (blitz)"]
[EventRounds "13"]
[EventCountry "RUS"]
[SourceTitle "Mega2024 Update 01"]
[Source "Chessbase"]
[SourceDate "2023.11.12"]
[SourceVersion "1"]
[SourceVersionDate "2023.11.12"]
[SourceQuality "1"]
[WhiteTeam "St Petersburg SShOR"]
[BlackTeam "Sverdlovsk Region Malakhit"]
[WhiteTeamCountry "RUS"]
[BlackTeamCountry "RUS"]

1. e4 c5 2. Nf3 d6 3. Bb5+ Bd7 4. Bxd7+ Qxd7 5. 0-0 Nc6 6. Re1 g6 7. c3 Bg7 8. d4 cxd4 9. cxd4 Nf6 10. Nc3 0-0 11. Bf4 Rfc8 12. Qd2 Na5 13. b3 b6 14. Rac1 e6 15. Bh6 Bh8 16. Bg5 Bg7 17. Qf4 Nh5 18. Qh4 h6 19. Bd2 Qd8 20. Qxd8+ Rxd8 21. Nb5 a6 22. Bxa5 bxa5 23. Na3 Nf4 24. Rcd1 d5 25. e5 Bf8 26. Nb1 Bb4 27. Re3 Rdc8 28. g3 1/2-1/2

[Event "RUS-ch Rapid"]
[Site "Sochi"]
[Date "2023.10.16"]
[Round "10"]
[White "Shubin, Kirill"]
[Black "Gubajdullin, Alexey"]
[Result "1/2-1/2"]
[WhiteElo "2440"]
[BlackElo "2253"]
[PlyCount "97"]
[EventDate "2023.10.15"]
[EventType "swiss (rapid)"]
[EventRounds "11"]
[EventCountry "RUS"]
[SourceTitle "Mega2024 Update 01"]
[Source "Chessbase"]
[SourceDate "2023.11.12"]
[SourceVersion "1"]
[SourceVersionDate "2023.11.12"]
[SourceQuality "1"]

1. e4 g6 2. d4 Bg7 3. Nc3 d6 4. Be3 a6 5. h4 h6 6. Qd2 Nd7 7. 0-0-0 b5 8. f3 Bb7 9. Kb1 Rc8 10. g4 c5 11. dxc5 Nxc5 12. Bd4 Bxd4 13. Qxd4 Nf6 14. Nge2 Ne6 15. Qd2 Qb6 16. Bh3 g5 17. Nd5 Bxd5 18. exd5 Nc7 19. hxg5 hxg5 20. Qxg5 Ncxd5 21. Nd4 Rc4 22. Qd2 b4 23. Ka1 Nc3 24. Qd3 Nxd1 25. Qxc4 Nf2 26. Re1 Qc5 27. Qe2 N6e4 28. Nf5 Rxh3 29. fxe4 e6 30. Ne3 Nxe4 31. Nd1 d5 32. Kb1 Qd4 33. Qxa6 Kf8 34. Qe2 Qe5 35. Nf2 Rh2 36. Qe3 Qg3 37. Qxg3 Nxg3 38. Nd3 Rh4 39. Nxb4 Rxg4 40. c3 Ne4 41. a4 f5 42. a5 Ke7 43. a6 Kd6 44. Kc2 f4 45. Ra1 Rg2+ 46. Kb3 Rg8 47. a7 Ra8 48. Ra6+ Kd7 49. Nd3 1/2-1/2

[Event "Sochi Pearl Blitz op"]
[Site "Sochi"]
[Date "2023.10.12"]
[Round "6"]
[White "Tsydypov, Zhamsaran"]
[Black "Shubin, Kirill"]
[Result "1-0"]
[WhiteElo "2548"]
[BlackElo "2440"]
[PlyCount "87"]
[EventDate "2023.10.12"]
[EventType "swiss (blitz)"]
[EventRounds "13"]
[EventCountry "RUS"]
[SourceTitle "Mega2024 Update 01"]
[Source "Chessbase"]
[SourceDate "2023.11.12"]
[SourceVersion "1"]
[SourceVersionDate "2023.11.12"]
[SourceQuality "1"]

1. e4 e6 2. d4 d5 3. Nc3 Bb4 4. e5 b6 5. Qg4 Bf8 6. h4 Ba6 7. Nge2 c5 8. Bg5 Qd7 9. Be3 Nc6 10. f4 Nh6 11. Qf3 Nf5 12. 0-0-0 h5 13. dxc5 bxc5 14. Nxd5 exd5 15. Rxd5 Qb7 16. Bxc5 Bc4 17. Bxf8 Bxd5 18. Qxd5 Kxf8 19. Nc3 Rd8 20. Qc5+ Nce7 21. Bd3 Qb6 22. Qa3 Kg8 23. Kb1 Rh6 24. Rd1 Rc6 25. Ne4 Qd4 26. Qa5 Rb6 27. Nc3 Rdb8 28. b3 Ne3 29. Bh7+ Kxh7 30. Rxd4 Nc6 31. Qc5 Nxd4 32. Qxd4 Nf5 33. Qe4 g6 34. Nd5 R6b7 35. Nf6+ Kh8 36. Nxh5 Rb4 37. Qd3 Rd4 38. Qh3 a5 39. Nf6 Ng7 40. h5 gxh5 41. Nxh5 Nxh5 42. Qxh5+ Kg8 43. Qg5+ Kf8 44. Qf6 1-0